000 00279nam a2200109Ia 4500
008 200302s9999 xx 000 0 und d
100 _aSiobhan vernon & others
245 _aLandscape Architect 's Pocket Book
260 _bArchitectural Press
260 _c2009
300 _a299 P.,
999 _c4289
_d4289